Memoria de los trabajos realizados por la misma durante el año de 1876 / (Record no. 151576)

MARC details
000 -LEADER
campo de control de longitud fija 00938nam a22001935i 4500
001 - NÚMERO DE CONTROL
campo de control 151576
003 - IDENTIFICADOR DE NÚMERO DE CONTROL
campo de control ES-MaACL
005 - FECHA Y HORA DE LA ÚLTIMA TRANSACCIÓN
campo de control 20230906204254.0
008 - DATOS DE LONGITUD FIJA--INFORMACIÓN GENERAL
campo de control de longitud fija 041021s1877 sp |||| | spa d
080 ## - NÚMERO DE LA CLASIFICACIÓN DECIMAL UNIVERSAL
Número de la Clasificación Decimal Universal 7.071.1:061.237(460.27 M).055.5
110 2# - ENTRADA PRINCIPAL--NOMBRE DE ENTIDAD CORPORATIVA
Nombre de entidad corporativa o nombre de jurisdicción como elemento de entrada Asociación de Escritores y Artistas Españoles.
9 (RLIN) 1585
245 10 - MENCIÓN DEL TÍTULO
Título Memoria de los trabajos realizados por la misma durante el año de 1876 /
Mención de responsabilidad, etc. formada por el secretario primero Agustín de la Paz Bueso.
260 ## - PUBLICACIÓN, DISTRIBUCIÓN, ETC.
Lugar de publicación, distribución, etc. Madrid :
Nombre del editor, distribuidor, etc. Asociación de Escritores y Artistas,
Fecha de publicación, distribución, etc. 1877 (
Fabricante Imp. y Fundición de M. Tello)
300 ## - DESCRIPCIÓN FÍSICA
Extensión 80 p. ;
Dimensiones 22 cm.
610 24 - PUNTO DE ACCESO ADICIONAL DE MATERIA--NOMBRE DE ENTIDAD CORPORATIVA
Nombre de entidad corporativa o nombre de jurisdicción como elemento de entrada Asociación de Escritores y Artistas Españoles-
Subdivisión de forma Memorias.
9 (RLIN) 144968
700 1# - ENTRADA AGREGADA--NOMBRE PERSONAL
Nombre de persona Paz Bueso, Agustín de la.
9 (RLIN) 130920
852 ## - LOCALIZACIÓN
Ubicación ES-MaACL
Número de control de estantería T-261-F-3
Nota libre - Enc. hol., falto de cub. original
-- - Enc. en un vol. facticio
852 ## - LOCALIZACIÓN
Ubicación ES-MaACL
Número de control de estantería T-376-F-10
Nota libre - Enc. hol., falto de cub. original
-- - Enc. en un vol. facticio
Holdings
Estatus retirado Estado de pérdida Estado de daño No para préstamo Colección Biblioteca de origen Biblioteca actual Ubicación en estantería Fecha de adquisición Total de préstamos Signatura topográfica completa Código de barras Visto por última vez Precio de reemplazo Tipo de ítem Koha
        Colección de folletos Biblioteca del Ateneo de Madrid Biblioteca del Ateneo de Madrid Depósito folletos 17/01/2008   T-376-F-10 1158174 23/02/2023 23/02/2023 Folleto
        Colección de folletos Biblioteca del Ateneo de Madrid Biblioteca del Ateneo de Madrid Depósito folletos 17/01/2008   T-261-F-3 1158173 23/02/2023 23/02/2023 Folleto